| 000 | 00531nam a2200205Ia 4500 | ||
|---|---|---|---|
| 005 | 20231106095840.0 | ||
| 008 | 131103s9999 xx 000 0 und d | ||
| 040 | _aLoreto College | ||
| 041 | _aEnglish | ||
| 082 |
_a796.522 _bSMY |
||
| 100 | _aSmythe,F.S. | ||
| 245 |
_aKamet Conquered _cF.S.Smythe |
||
| 260 |
_aLondon _bVictor Gollance _c1932 (1933 printing) |
||
| 300 |
_axvi,420 p. _b illus.,maps |
||
| 504 | _aIncludes index | ||
| 650 | _aMountaineering | ||
| 651 | _aOutdoor Games | ||
| 850 | _aLCLIB | ||
| 942 | _cBK | ||
| 999 |
_c17626 _d68105 |
||